000 00602cam a22002053a 4500
001 34969
003 PGUSA
005 20140828083744.0
008 110115s2011||||xxu|||||s|||||000 | eng d
040 _aPGUSA
_beng
042 _adc
100 1 _aTommaseo, Niccolò,
_d1802-1874
245 1 0 _aIl segreto dei fatti palesi seguiti nel 1859
_h[electronic resource] /
_cNiccolò Tommaseo
260 _bProject Gutenberg,
_c2011
506 _aPublic domain in the USA.
516 _aElectronic text
830 0 _aProject Gutenberg
_v34969
856 4 0 _uhttp://www.gutenberg.org/ebooks/34969
942 _cEB
999 _c264224
_d264224